[Event "BL 8081 Bamberg-Solingen"]
[Site "?"]
[Date "1981.??.??"]
[Round "?.4"]
[White "Borngaesser, R."]
[Black "Kestler, H."]
[Result "1/2-1/2"]
[WhiteElo "2365"]
[BlackElo "2385"]
[PlyCount "56"]
[EventDate "1981.??.??"]

1. e4 c5 2. Nc3 Nc6 3. g3 g6 4. Bg2 Bg7 5. d3 d6 6. Nh3 e6 7. Be3 Nge7 8. Qd2
Nd4 9. O-O O-O 10. Bh6 Bxh6 11. Qxh6 f6 12. Qd2 e5 13. f4 Be6 14. Nd5 Qd7 15.
Nf2 Kg7 16. Nd1 Nxd5 17. exd5 Bh3 18. Bxh3 Qxh3 19. c3 Nb5 20. Nf2 Qd7 21. Rae1
Rae8 22. Ne4 Nc7 23. c4 f5 24. Ng5 h6 25. Nf3 exf4 26. Qxf4 Rxe1 27. Rxe1 Re8
28. Rxe8 Nxe8 1/2-1/2

[Event "BL 8081 Bamberg-Solingen"]
[Site "?"]
[Date "1981.??.??"]
[Round "?.5"]
[White "Treppner, G."]
[Black "Lehmann, H."]
[Result "1/2-1/2"]
[WhiteElo "2280"]
[BlackElo "2345"]
[PlyCount "103"]
[EventDate "1981.??.??"]

1. c4 Nf6 2. Nf3 g6 3. Nc3 d5 4. cxd5 Nxd5 5. e4 Nxc3 6. dxc3 Qxd1+ 7. Kxd1 b6
8. Bf4 c6 9. a4 Bg7 10. Kc2 O-O 11. a5 b5 12. Be2 Nd7 13. Be3 a6 14. Nd2 Bb7
15. Nb3 c5 16. f3 c4 17. Nc5 Nxc5 18. Bxc5 Rfe8 19. Rad1 Bc6 20. Bb4 f5 21.
exf5 gxf5 22. Rd2 Bh6 23. Rdd1 Rac8 24. Rhe1 e5 25. b3 cxb3+ 26. Kxb3 e4 27.
fxe4 Bxe4 28. Bh5 Red8 29. Bf3 Rxd1 30. Rxd1 Bf4 31. h3 Rc6 32. Rd7 Bxf3 33.
gxf3 Rh6 34. Ra7 Be3 35. Ra8+ Kf7 36. Rf8+ Kg6 37. Re8 f4 38. Re6+ Kh5 39.
Rxh6+ Kxh6 40. Be7 Kg6 41. c4 Kf7 42. Bd8 bxc4+ 43. Kxc4 Ke6 44. Bc7 Kd7 45.
Be5 Bd2 46. Bc3 Bxc3 47. Kxc3 Kc6 48. Kc4 h6 49. h4 h5 50. Kd4 Kb5 51. Ke4 Kxa5
52. Kxf4 1/2-1/2

[Event "BL 8081 Bamberg-Solingen"]
[Site "?"]
[Date "1981.??.??"]
[Round "?.6"]
[White "Lau, R."]
[Black "Hartmann, Wo"]
[Result "1/2-1/2"]
[WhiteElo "2405"]
[BlackElo "2240"]
[PlyCount "101"]
[EventDate "1981.??.??"]

1. d4 Nf6 2. Nf3 g6 3. c4 Bg7 4. Nc3 O-O 5. g3 d6 6. Bg2 Nc6 7. O-O a6 8. d5
Na5 9. Nd2 c5 10. Qc2 e5 11. a3 b6 12. b4 Nb7 13. Bb2 Bd7 14. Rae1 Qc7 15. f4
Ng4 16. Nd1 Rae8 17. e4 f5 18. h3 Nf6 19. fxe5 dxe5 20. exf5 gxf5 21. d6 Nxd6
22. Bxe5 Rxe5 23. Rxe5 Nde4 24. Rxe4 Nxe4 25. Nxe4 fxe4 26. Qxe4 Bd4+ 27. Kh2
Rxf1 28. Bxf1 Qe5 29. Qxe5 Bxe5 30. bxc5 bxc5 31. Bd3 Ba4 32. Ne3 Bb2 33. Bc2
Bc1 34. Bxa4 Bxe3 35. Bc6 Kf7 36. Kg2 Kf6 37. Kf3 Bc1 38. a4 a5 39. Ke4 Ba3 40.
h4 Bb4 41. g4 h6 42. Kd5 Ba3 43. Kd6 Bb4 44. Be4 Ba3 45. Bc2 Bb4 46. Kc6 Ba3
47. Kb5 Bb4 48. Bb1 Ke7 49. g5 hxg5 50. hxg5 Kf7 51. Kc6 1/2-1/2

[Event "BL 8081 Bayern-Katernberg"]
[Site "?"]
[Date "1981.??.??"]
[Round "?.2"]
[White "Rosen, W."]
[Black "Saacke, B."]
[Result "0-1"]
[WhiteElo "2310"]
[BlackElo "2355"]
[PlyCount "52"]
[EventDate "1981.??.??"]

1. e4 e6 2. d4 d5 3. e5 c5 4. c3 Qb6 5. Nf3 Bd7 6. Be2 Nc6 7. dxc5 Bxc5 8. O-O
Nh6 9. Bxh6 gxh6 10. b4 Bf8 11. Re1 Bg7 12. Bd3 O-O 13. a4 Qc7 14. Qe2 Rac8 15.
Nbd2 Ne7 16. c4 dxc4 17. Nxc4 Bc6 18. b5 Bd5 19. Nd6 Rcd8 20. Rac1 Qb8 21. Bb1
Ng6 22. Qc2 Bxf3 23. gxf3 Bxe5 24. Rxe5 Qxd6 25. Rce1 Rc8 26. Qe4 Qxe5 0-1

[Event "BL 8081 Solingen-Bayern"]
[Site "?"]
[Date "1981.??.??"]
[Round "?.2"]
[White "Saacke, B."]
[Black "Kavalek, L."]
[Result "1/2-1/2"]
[WhiteElo "2355"]
[BlackElo "2550"]
[PlyCount "53"]
[EventDate "1981.??.??"]

1. d4 Nf6 2. Nf3 e6 3. e3 b6 4. Bd3 Bb7 5. O-O c5 6. b3 Be7 7. Bb2 O-O 8. c4
cxd4 9. exd4 d6 10. Nbd2 Nbd7 11. Re1 Re8 12. Ng5 Bf8 13. Nde4 Nxe4 14. Nxe4 d5
15. Nd2 g6 16. Nf3 Rc8 17. Qe2 Bg7 18. Rad1 Qe7 19. Bc1 Qd6 20. Ne5 dxc4 21.
Bxc4 Nf6 22. Bb5 Red8 23. Bg5 h6 24. Bh4 Qe7 25. Bc4 Bd5 26. Ba6 Bb7 27. Bc4
1/2-1/2

[Event "BL 8081 Solingen-Bayern"]
[Site "?"]
[Date "1981.??.??"]
[Round "?.3"]
[White "Hecht, H."]
[Black "Klundt, K."]
[Result "1/2-1/2"]
[WhiteElo "2475"]
[BlackElo "2405"]
[PlyCount "21"]
[EventDate "1981.??.??"]

1. e4 c5 2. Nf3 Nc6 3. Bb5 g6 4. O-O Bg7 5. Qe2 e5 6. Bxc6 dxc6 7. d3 Qe7 8.
Nc3 Nf6 9. Ne1 Nh5 10. g3 O-O 11. Be3 1/2-1/2

[Event "BL 8081 Solingen-Bayern"]
[Site "?"]
[Date "1981.??.??"]
[Round "?.5"]
[White "Lehmann, H."]
[Black "Schubert, C."]
[Result "1-0"]
[WhiteElo "2345"]
[BlackElo "2245"]
[PlyCount "71"]
[EventDate "1981.??.??"]

1. d4 Nf6 2. Nf3 g6 3. g3 Bg7 4. Bg2 d6 5. O-O O-O 6. c4 Nc6 7. Nc3 Bg4 8. h3
Bxf3 9. Bxf3 Nd7 10. e3 e5 11. dxe5 Ndxe5 12. Be2 Qd7 13. Kh2 Na5 14. Qc2 Qc6
15. Nd5 Rae8 16. b3 b5 17. Qd2 Nexc4 18. bxc4 Nxc4 19. Bxc4 bxc4 20. Rb1 c3 21.
Qd3 Kh8 22. Rb3 Rb8 23. Rxc3 Bxc3 24. Nxc3 Qf3 25. Qd4+ f6 26. Qxa7 c5 27. Qa4
d5 28. Qd1 Qxd1 29. Rxd1 Rfd8 30. Nxd5 Rb1 31. e4 c4 32. Re1 Ra8 33. Nc3 Rbb8
34. Re2 Rd8 35. Kg2 Rd3 36. Rc2 1-0

[Event "BL 8081 Katernberg-Bamberg"]
[Site "?"]
[Date "1981.??.??"]
[Round "?.2"]
[White "Kestler, H."]
[Black "Rosen, W."]
[Result "1/2-1/2"]
[WhiteElo "2385"]
[BlackElo "2310"]
[PlyCount "124"]
[EventDate "1981.??.??"]

1. c4 e5 2. Nc3 Nc6 3. g3 g6 4. Bg2 Bg7 5. d3 Nf6 6. Nf3 O-O 7. O-O Re8 8. Nd2
Nd4 9. Nde4 Nxe4 10. dxe4 d6 11. e3 Ne6 12. Qc2 a5 13. Rd1 Nc5 14. Na4 Nxa4 15.
Qxa4 Bd7 16. Qc2 b6 17. b3 h5 18. Bb2 h4 19. a3 hxg3 20. hxg3 Qg5 21. b4 Be6
22. Rac1 Bf8 23. Qe2 f6 24. Bc3 a4 25. Be1 Re7 26. c5 Rh7 27. cxb6 cxb6 28. f4
Qh6 29. Qf3 Qh2+ 30. Kf2 Bh3 31. Bd2 Raa7 32. Rc6 b5 33. Rh1 Bxg2 34. Rxh2 Bxf3
35. Rxh7 Rxh7 36. Kxf3 Rh2 37. Be1 Ra2 38. Rb6 Rxa3 39. Rxb5 Kf7 40. f5 g5 41.
Bd2 Ra2 42. Ke2 g4 43. Rb7+ Ke8 44. Kd3 Bh6 45. Ra7 Kd8 46. b5 Kc8 47. Bb4 Rb2
48. Bxd6 Rxb5 49. Kc4 Rb3 50. Rc7+ Kd8 51. Rh7 Bxe3 52. Kd5 Bg5 53. Ra7 Rxg3
54. Rxa4 Rc3 55. Ke6 g3 56. Ra8+ Rc8 57. Ra7 Rc6 58. Ra8+ Rc8 59. Ra3 Bf4 60.
Rb3 Rc6 61. Rb8+ Rc8 62. Rb7 Rc6 1/2-1/2

[Event "BL 8081 Markth'feld-Frankfurt"]
[Site "?"]
[Date "1981.??.??"]
[Round "?.1"]
[White "Goehring, K."]
[Black "Soos, B."]
[Result "1/2-1/2"]
[WhiteElo "2285"]
[BlackElo "2420"]
[PlyCount "90"]
[EventDate "1981.??.??"]

1. d4 Nf6 2. c4 c5 3. Nf3 cxd4 4. Nxd4 e6 5. Nc3 Bb4 6. g3 O-O 7. Bg2 d5 8.
cxd5 Nxd5 9. Bd2 Nxc3 10. bxc3 Be7 11. O-O e5 12. Nb3 Qc7 13. Rc1 Nc6 14. c4
Bf5 15. Bd5 Ba3 16. Rc3 Bb2 17. Re3 Rad8 18. Bc1 Bxc1 19. Qxc1 Nb4 20. Qd2 a5
21. Rc1 b6 22. Qb2 Rfe8 23. Nd2 Nc2 24. Rc3 Nd4 25. Nf3 Bg4 26. Nxd4 exd4 27.
R3c2 Qe5 28. Rd2 Bxe2 29. Re1 d3 30. Qxe5 Rxe5 31. Rxd3 Bxd3 32. Rxe5 Kf8 33.
Re3 Bf5 34. Rf3 Bg6 35. Rb3 Rd6 36. f4 f6 37. Kf2 Bf7 38. Rb5 Be8 39. Rb2 Ke7
40. Ke3 Kd7 41. Kd4 Bf7 42. Re2 Kd8 43. Rb2 Kc7 44. Re2 Rd7 45. Re3 Kd8 1/2-1/2

[Event "BL 8081 Markth'feld-Frankfurt"]
[Site "?"]
[Date "1981.??.??"]
[Round "?.2"]
[White "Hess, R."]
[Black "Meinberger, L."]
[Result "1-0"]
[WhiteElo "2425"]
[BlackElo "2230"]
[PlyCount "49"]
[EventDate "1981.??.??"]

1. d4 Nf6 2. c4 c6 3. Nc3 d6 4. e4 e5 5. Nf3 Qa5 6. Bd3 Bg4 7. d5 Qc7 8. h3 Bd7
9. O-O h6 10. Be3 Na6 11. a3 c5 12. Nb5 Qc8 13. Nd2 g5 14. f4 gxf4 15. Bxf4
exf4 16. Rxf4 Qd8 17. Qf3 Nh7 18. e5 Qa5 19. Rxf7 O-O-O 20. Nb3 Qb6 21. Bxh7
Bxb5 22. cxb5 Nc7 23. Nd2 dxe5 24. Nc4 Qxb5 25. Qf5+ 1-0

[Event "BL 8081 Erlangen-Hofheim"]
[Site "?"]
[Date "1981.??.??"]
[Round "?.1"]
[White "Feustel, B."]
[Black "Huisl, W."]
[Result "1/2-1/2"]
[WhiteElo "2355"]
[BlackElo "2350"]
[PlyCount "25"]
[EventDate "1981.??.??"]

1. Nf3 g6 2. c4 Bg7 3. g3 c5 4. Bg2 Nc6 5. O-O e6 6. Nc3 Nge7 7. d4 cxd4 8. Nb5
O-O 9. Nbxd4 d5 10. cxd5 Nxd4 11. Nxd4 Nxd5 12. e4 Nb6 13. Nc2 1/2-1/2

[Event "BL 8081 Erlangen-Hofheim"]
[Site "?"]
[Date "1981.??.??"]
[Round "?.2"]
[White "Berry, S."]
[Black "Heidrich, M."]
[Result "1/2-1/2"]
[WhiteElo "2245"]
[BlackElo "2230"]
[PlyCount "55"]
[EventDate "1981.??.??"]

1. e4 c5 2. Nf3 Nc6 3. Bb5 g6 4. O-O Bg7 5. Re1 e5 6. b4 Nxb4 7. c3 Nc6 8. d4
a6 9. Bxc6 dxc6 10. dxe5 Qxd1 11. Rxd1 Bg4 12. Be3 Bxf3 13. gxf3 Bxe5 14. Bxc5
Nf6 15. Na3 Nd7 16. Bd4 f6 17. Nc4 O-O-O 18. Kg2 Kc7 19. a4 b6 20. Rab1 b5 21.
Nxe5 fxe5 22. Be3 Nb6 23. axb5 axb5 24. Rdc1 Nc4 25. Bc5 Ra8 26. h4 h5 27. Kg3
Rhe8 28. Ra1 1/2-1/2

[Event "BL 8081 Frankfurt-Erlangen"]
[Site "?"]
[Date "1981.??.??"]
[Round "?.1"]
[White "Soos, B."]
[Black "Feustel, B."]
[Result "1/2-1/2"]
[WhiteElo "2420"]
[BlackElo "2355"]
[PlyCount "52"]
[EventDate "1981.??.??"]

1. d4 g6 2. e4 Bg7 3. Nf3 d6 4. Bc4 e6 5. Nc3 Nd7 6. Be3 Ne7 7. Qe2 a6 8. a4 b6
9. Rd1 h6 10. Bb3 O-O 11. O-O Bb7 12. h3 Kh7 13. Nh2 b5 14. f3 b4 15. Nb1 a5
16. Nd2 d5 17. Rfe1 f5 18. exd5 Nxd5 19. Nc4 N7f6 20. Bc1 Ra6 21. Qf2 Nh5 22.
Nf1 Bf6 23. Ne5 Rd6 24. Nc4 Ra6 25. Ne5 Rd6 26. Nc4 Ra6 1/2-1/2

[Event "BL 8081 Frankfurt-Erlangen"]
[Site "?"]
[Date "1981.??.??"]
[Round "?.2"]
[White "Heidrich, M."]
[Black "Hess, R."]
[Result "0-1"]
[WhiteElo "2230"]
[BlackElo "2425"]
[PlyCount "80"]
[EventDate "1981.??.??"]

1. e4 e5 2. Nf3 Nc6 3. Nc3 Nf6 4. Bb5 Bb4 5. O-O O-O 6. d3 d6 7. Bg5 Bxc3 8.
bxc3 Qe7 9. Re1 Nd8 10. d4 Ne6 11. Bc1 c5 12. Bf1 Rd8 13. d5 Nf8 14. g3 Ng6 15.
Nd2 h6 16. Bg2 Nh7 17. h3 Ng5 18. Kh2 Qf6 19. Nf3 Bd7 20. Rb1 b6 21. Qe2 Rf8
22. Ng1 Rae8 23. Bd2 Qd8 24. f4 exf4 25. gxf4 Nh7 26. Nf3 Qf6 27. Qe3 Bf5 28.
Qd3 Bc8 29. Qe3 Re7 30. Re2 Ba6 31. Rf2 Rfe8 32. Re1 Bc4 33. e5 Qf5 34. h4 Nf6
35. Bh3 Ng4+ 36. Bxg4 Qxg4 37. Rg1 Qf5 38. Rfg2 Bxd5 39. c4 Bc6 40. Qc3 dxe5
0-1

[Event "BL 8081 Frankfurt-Erlangen"]
[Site "?"]
[Date "1981.??.??"]
[Round "?.5"]
[White "Bialas, W."]
[Black "Stoll, J."]
[Result "1/2-1/2"]
[WhiteElo "2365"]
[BlackElo "2245"]
[PlyCount "71"]
[EventDate "1981.??.??"]

1. d4 Nf6 2. Nf3 e6 3. e3 b6 4. Bd3 c5 5. O-O d5 6. b3 Be7 7. Qe2 O-O 8. Bb2 a5
9. c4 Ba6 10. Nc3 Nc6 11. Nb5 cxd4 12. exd4 Rc8 13. Rac1 a4 14. bxa4 Nb4 15.
Bb1 dxc4 16. Rxc4 Rxc4 17. Qxc4 Bb7 18. a3 Bxf3 19. gxf3 Nbd5 20. Na7 Bd6 21.
Nc6 Qc7 22. h3 Nf4 23. Rc1 Nxh3+ 24. Kf1 Bf4 25. Rc2 Nd5 26. Kg2 Nxf2 27. Kxf2
Be3+ 28. Kg2 Qf4 29. Qf1 Bd2 30. Qf2 Ne3+ 31. Kh1 Nxc2 32. Bxc2 Be3 33. Qe2
Qh4+ 34. Kg2 Qg5+ 35. Kh3 Qh5+ 36. Kg2 1/2-1/2

[Event "BL 8081 Hofheim-Markth'feld"]
[Site "?"]
[Date "1981.??.??"]
[Round "?.1"]
[White "Huisl, W."]
[Black "Goehring, K."]
[Result "1/2-1/2"]
[WhiteElo "2350"]
[BlackElo "2285"]
[PlyCount "84"]
[EventDate "1981.??.??"]

1. e4 e5 2. Nf3 Nc6 3. c3 Nf6 4. d4 Nxe4 5. d5 Nb8 6. Nxe5 Bc5 7. Qg4 O-O 8.
Qxe4 Re8 9. Bd3 g6 10. O-O d6 11. Nxf7 Kxf7 12. Qf4+ Kg8 13. Qg3 Qf6 14. Bg5
Qf7 15. Nd2 Bf5 16. b4 Bb6 17. a4 a6 18. Nc4 Nd7 19. Nxb6 Nxb6 20. c4 Bxd3 21.
Qxd3 Qf5 22. Qxf5 gxf5 23. a5 Nxc4 24. Rfc1 b5 25. axb6 Nxb6 26. Rxc7 Nxd5 27.
Rb7 Rab8 28. Rxb8 Rxb8 29. Rxa6 Rxb4 30. h4 Nc3 31. f3 Nb5 32. h5 h6 33. Bxh6
Rh4 34. Ra5 Nd4 35. Be3 Nc2 36. Bf2 Rxh5 37. g4 Rg5 38. Bh4 Rg6 39. Rxf5 Nd4
40. Rf6 Rxf6 41. Bxf6 Nxf3+ 42. Kf2 Kf7 1/2-1/2

[Event "BL 8081 Hofheim-Markth'feld"]
[Site "?"]
[Date "1981.??.??"]
[Round "?.2"]
[White "Meinberger, L."]
[Black "Berry, S."]
[Result "1-0"]
[WhiteElo "2230"]
[BlackElo "2245"]
[PlyCount "109"]
[EventDate "1981.??.??"]

1. c4 e6 2. Nf3 b6 3. g3 Bb7 4. Bg2 Nf6 5. O-O Be7 6. Qc2 O-O 7. d4 d5 8. Rd1
Na6 9. a3 c5 10. Nc3 dxc4 11. dxc5 Qc8 12. cxb6 axb6 13. Be3 Nc5 14. Nd4 Bxg2
15. Kxg2 Ng4 16. Bd2 g6 17. f3 Rd8 18. Ndb5 Qc6 19. h3 Nf6 20. Be3 e5 21. Rxd8+
Rxd8 22. Rd1 Rxd1 23. Qxd1 Ne6 24. Qa4 Nd7 25. Na7 Qxa4 26. Nxa4 Nec5 27. Nc3
Kf8 28. Nc8 Ne6 29. Bxb6 Nd4 30. Kf1 f5 31. Nd5 Bg5 32. f4 Nxb6 33. Ncxb6 exf4
34. gxf4 Bd8 35. Nxc4 Kf7 36. e3 Nb3 37. Ke2 Ke6 38. Nc3 h6 39. Ne5 g5 40. Nc6
Bc7 41. fxg5 hxg5 42. Nd4+ Nxd4+ 43. exd4 g4 44. hxg4 fxg4 45. Ke3 g3 46. Kf3
Bb8 47. b4 Ba7 48. d5+ Ke5 49. Kxg3 Bd4 50. Nb5 Bb2 51. d6 Kd5 52. Kf4 Kc6 53.
Kf5 Bc1 54. Kf6 Bd2 55. Ke7 1-0

[Event "BL 8081 HSK-Frankfurt"]
[Site "?"]
[Date "1981.??.??"]
[Round "?.1"]
[White "Chandler, M."]
[Black "Soos, B."]
[Result "1-0"]
[WhiteElo "2455"]
[BlackElo "2420"]
[PlyCount "93"]
[EventDate "1981.??.??"]

1. e4 c5 2. f4 d5 3. exd5 Qxd5 4. Nc3 Qd8 5. Nf3 Nc6 6. Bc4 e6 7. d3 Nf6 8. O-O
Be7 9. Ne5 Nd4 10. a4 O-O 11. Ne4 Qc7 12. Ng5 Bd6 13. c3 Nc6 14. Ngf3 b6 15.
Qe2 Bb7 16. Bd2 Rae8 17. Nxc6 Bxc6 18. Ne5 Bb7 19. a5 Nd5 20. Bb5 Rd8 21. axb6
axb6 22. Qg4 Ne7 23. Rfe1 Ng6 24. Qg3 Be7 25. Nxg6 hxg6 26. Ra7 Ra8 27. Rxa8
Rxa8 28. Qf2 Qd8 29. Qe2 Bh4 30. Rd1 Bd5 31. Be3 Bb3 32. Rc1 Bf6 33. Bc4 Bxc4
34. dxc4 Ra2 35. Qc2 Qa8 36. h3 e5 37. Re1 Bh4 38. Rd1 Bg3 39. fxe5 Bxe5 40.
Bg5 Bg3 41. Qd3 Ra1 42. Bc1 Qb8 43. Be3 Qa7 44. Bc1 Be5 45. Qd8+ Kh7 46. Qh4+
Kg8 47. Rd8# 1-0

[Event "BL 8081 HSK-Frankfurt"]
[Site "?"]
[Date "1981.??.??"]
[Round "?.2"]
[White "Hess, R."]
[Black "Kunsztowicz, U."]
[Result "1-0"]
[WhiteElo "2425"]
[BlackElo "2460"]
[PlyCount "67"]
[EventDate "1981.??.??"]

1. e4 c5 2. Nf3 d6 3. d4 cxd4 4. Nxd4 Nf6 5. Nc3 Nc6 6. Bc4 e6 7. Be3 Be7 8. f3
O-O 9. Qd2 a6 10. O-O-O Qc7 11. g4 Nxd4 12. Qxd4 b5 13. Bb3 Nd7 14. h4 Nc5 15.
h5 Rd8 16. h6 Bf6 17. Qd2 g6 18. Bd5 Rb8 19. g5 Be7 20. Qd4 Bf8 21. a3 a5 22.
b4 axb4 23. axb4 exd5 24. bxc5 dxc5 25. Qf6 Be6 26. Bf4 Qe7 27. Bxb8 Rxb8 28.
exd5 Bf5 29. d6 Qe3+ 30. Rd2 Ra8 31. Nd5 Qa3+ 32. Qb2 Qa1+ 33. Qxa1 Rxa1+ 34.
Kb2 1-0

[Event "BL 8081 HSK-Frankfurt"]
[Site "?"]
[Date "1981.??.??"]
[Round "?.4"]
[White "Fahnenschmidt, G."]
[Black "Pokern, N."]
[Result "1-0"]
[WhiteElo "2360"]
[BlackElo "2270"]
[PlyCount "31"]
[EventDate "1981.??.??"]

1. c4 c6 2. e4 e5 3. Nf3 f5 4. Nxe5 Qf6 5. d4 d6 6. Nf3 fxe4 7. Ng5 d5 8. Nc3
Bb4 9. cxd5 cxd5 10. Bb5+ Nc6 11. O-O Nge7 12. f3 O-O 13. Be3 Nf5 14. Nxd5 Qg6
15. Qb3 Be6 16. Nxe6 1-0

[Event "BL 8081 HSK-Frankfurt"]
[Site "?"]
[Date "1981.??.??"]
[Round "?.5"]
[White "Jacoby, G."]
[Black "Bialas, W."]
[Result "1/2-1/2"]
[WhiteElo "2245"]
[BlackElo "2365"]
[PlyCount "53"]
[EventDate "1981.??.??"]

1. e4 c5 2. Nf3 Nc6 3. d4 cxd4 4. Nxd4 g6 5. Ne2 Bg7 6. g3 Nf6 7. Bg2 b5 8.
Nbc3 Rb8 9. O-O O-O 10. Nd5 Ng4 11. c3 d6 12. Nd4 Nge5 13. Be3 e6 14. Nf4 b4
15. cxb4 Rxb4 16. Nxc6 Nxc6 17. Nd3 Rb8 18. Rc1 Qd7 19. Qd2 Nd4 20. Rc4 e5 21.
Bxd4 exd4 22. Nb4 Qb5 23. b3 Qa5 24. Rd1 Be6 25. Nd5 Qd8 26. Rdc1 Rb7 27. Rc6
1/2-1/2

[Event "BL 8081 HSK-Frankfurt"]
[Site "?"]
[Date "1981.??.??"]
[Round "?.6"]
[White "Haakert, J."]
[Black "Gruenberg, Ra"]
[Result "0-1"]
[WhiteElo "2205"]
[BlackElo "2260"]
[PlyCount "100"]
[EventDate "1981.??.??"]

1. g3 c5 2. Bg2 Nc6 3. d3 g6 4. f4 Bg7 5. Nf3 d6 6. O-O e5 7. Nc3 Nge7 8. e4
O-O 9. Be3 exf4 10. gxf4 Nd4 11. Rb1 Bg4 12. Ne2 Qd7 13. c3 Nxf3+ 14. Bxf3 Bxf3
15. Rxf3 f5 16. Qb3+ Kh8 17. Re1 b5 18. Ng3 Qc6 19. Bc1 fxe4 20. dxe4 d5 21. e5
a5 22. Qd1 Rad8 23. Rd3 Qe6 24. Be3 Rc8 25. Rd2 Bh6 26. Rf1 d4 27. cxd4 Nd5 28.
Qe2 cxd4 29. Rxd4 Rc2 30. Rd2 Rc4 31. b3 Nxe3 32. bxc4 Nxf1 33. Nxf1 Bxf4 34.
Rd6 Qxc4 35. Qxc4 bxc4 36. Rc6 Bxe5 37. Rxc4 Rb8 38. Ra4 Bc3 39. Rc4 Bf6 40.
Nd2 Rb2 41. Ne4 Be5 42. h4 Rxa2 43. Ng5 Kg7 44. Re4 Bf6 45. Rc4 Bxg5 46. hxg5
Kf7 47. Kf1 Ke6 48. Rc5 a4 49. Ke1 a3 50. Kd1 Rg2 0-1

[Event "BL 8081 FH Hamburg-Hofheim"]
[Site "?"]
[Date "1981.??.??"]
[Round "?.2"]
[White "Huisl, W."]
[Black "Dankert, P."]
[Result "0-1"]
[WhiteElo "2350"]
[BlackElo "2365"]
[PlyCount "86"]
[EventDate "1981.??.??"]

1. e4 c6 2. d4 d5 3. exd5 cxd5 4. Bd3 Nc6 5. c3 Qc7 6. Ne2 Bg4 7. f3 Bh5 8. Bf4
Qd7 9. Bg3 e6 10. Nf4 Nf6 11. Nd2 Bd6 12. Nxh5 Nxh5 13. Bxd6 Qxd6 14. g3 Nf6
15. f4 h5 16. Qf3 Rc8 17. O-O Kf8 18. Rae1 Re8 19. Qe2 g6 20. Nf3 Kg7 21. Ne5
Ne7 22. Qf3 Nf5 23. Re2 Rb8 24. a4 a6 25. Ra1 Qb6 26. a5 Qc7 27. Ra2 Rbe8 28.
Bb1 Nd6 29. Bc2 Re7 30. Bb1 Rc8 31. Kg2 Qd8 32. h3 Nf5 33. Ra1 Qh8 34. Bd3 Rg8
35. Kg1 h4 36. g4 Ng3 37. Ree1 Ne8 38. Bc2 Nd6 39. Kh2 f5 40. g5 Rc8 41. Bd3
Qd8 42. Kg2 Nde4 43. Qe2 Nxe2 0-1

[Event "BL 8081 Frankfurt-FH Hamburg"]
[Site "?"]
[Date "1981.??.??"]
[Round "?.2"]
[White "Dankert, P."]
[Black "Hess, R."]
[Result "1/2-1/2"]
[WhiteElo "2365"]
[BlackElo "2425"]
[PlyCount "32"]
[EventDate "1981.??.??"]

1. d4 Nf6 2. Nf3 e6 3. c4 d5 4. Nc3 Bb4 5. Bg5 h6 6. Bxf6 Qxf6 7. e3 O-O 8. Rc1
dxc4 9. Bxc4 c5 10. a3 Bxc3+ 11. bxc3 Nc6 12. O-O Rd8 13. Qe2 Qe7 14. a4 b6 15.
Rfd1 Bb7 16. Ba6 Bxa6 1/2-1/2

[Event "BL 8081 Frankfurt-FH Hamburg"]
[Site "?"]
[Date "1981.??.??"]
[Round "?.5"]
[White "Bialas, W."]
[Black "Fries Nielsen, J."]
[Result "1-0"]
[WhiteElo "2365"]
[BlackElo "2320"]
[PlyCount "73"]
[EventDate "1981.??.??"]

1. Nf3 g6 2. g3 Bg7 3. d4 f5 4. Bg2 Nf6 5. O-O O-O 6. c3 d6 7. b4 Ne4 8. Nbd2
d5 9. Qc2 Nd7 10. c4 e6 11. Bb2 g5 12. Nxe4 fxe4 13. Ne5 Nxe5 14. dxe5 Qe7 15.
Qb3 c6 16. f3 exf3 17. Bxf3 a5 18. a3 Bd7 19. Bd4 g4 20. Bc5 Qg5 21. Bxf8 Bxe5
22. Bc5 Bxa1 23. Rxa1 gxf3 24. Qxf3 Qg7 25. Rd1 axb4 26. Bxb4 Be8 27. Bc3 Bh5
28. Qe3 Rxa3 29. Qxe6+ Qf7 30. Qe5 Rxc3 31. Qxc3 Bxe2 32. Ra1 Qf3 33. Qe5 dxc4
34. Ra8+ Kf7 35. Qc7+ Ke6 36. Re8+ Kd5 37. Qe5# 1-0

[Event "BL 8081 Frankfurt-FH hamburg"]
[Site "?"]
[Date "1981.??.??"]
[Round "?.6"]
[White "Cording, H."]
[Black "Haakert, J."]
[Result "0-1"]
[WhiteElo "2340"]
[BlackElo "2205"]
[PlyCount "76"]
[EventDate "1981.??.??"]

1. Nf3 d6 2. d4 f5 3. g3 Nf6 4. Bg2 g6 5. O-O Bg7 6. c4 O-O 7. Nc3 c6 8. d5 Bd7
9. Bg5 Na6 10. Nd4 Qb6 11. Nb3 Rad8 12. Rc1 h6 13. Be3 c5 14. f3 Nc7 15. Bf2
Qa6 16. Nd2 b5 17. b3 b4 18. Na4 e6 19. e4 fxe4 20. Nxe4 exd5 21. Nxf6+ Bxf6
22. cxd5 Rde8 23. Qd2 Bg5 24. f4 Re2 25. Qd1 Bf6 26. Nxc5 dxc5 27. Rxc5 Ne8 28.
d6 Qxa2 29. Qd5+ Be6 30. Qd3 Bf7 31. d7 Rd2 32. dxe8=Q Rxe8 33. Ra5 Qb2 34. Qf3
Rxf2 35. Rxf2 Bd4 36. Bf1 Rd8 37. Kg2 Bxf2 38. Qxf2 Rd2 0-1

[Event "BL 8081 Frankfurt-FH Hamburg"]
[Site "?"]
[Date "1981.??.??"]
[Round "?.8"]
[White "Mueller, Ge"]
[Black "Rostalski, W."]
[Result "1/2-1/2"]
[WhiteElo "2325"]
[BlackElo "2315"]
[PlyCount "42"]
[EventDate "1981.??.??"]

1. g3 Nf6 2. Bg2 g6 3. e4 d6 4. f4 c5 5. d3 Bg7 6. Nf3 Nc6 7. c3 O-O 8. Be3 Rb8
9. a4 a6 10. Nbd2 b5 11. axb5 axb5 12. h3 b4 13. Qc2 Nd7 14. O-O Bb7 15. f5 Ra8
16. fxg6 hxg6 17. Nc4 Rxa1 18. Rxa1 Nb6 19. Nfd2 Nxc4 20. Nxc4 Qc7 21. Kh2 Rb8
1/2-1/2

[Event "BL 8081 Hofheim-HSK"]
[Site "?"]
[Date "1981.??.??"]
[Round "?.2"]
[White "Kunsztowicz, U."]
[Black "Huisl, W."]
[Result "1-0"]
[WhiteElo "2460"]
[BlackElo "2350"]
[PlyCount "90"]
[EventDate "1981.??.??"]

1. d4 f5 2. g3 Nf6 3. Bg2 e6 4. Nf3 Be7 5. O-O O-O 6. c4 d6 7. Nc3 Ne4 8. Qc2
Nxc3 9. Qxc3 Bf6 10. c5 Nc6 11. cxd6 cxd6 12. Bf4 Qe7 13. Qa3 Rd8 14. Rfd1 g5
15. Be3 Qg7 16. Qd3 h6 17. a3 d5 18. Rac1 Bd7 19. b4 Rac8 20. Rc5 Kh8 21. Rdc1
g4 22. Ne5 Nxe5 23. dxe5 Bxe5 24. Rxc8 Rxc8 25. Rxc8+ Bxc8 26. Bxa7 Bd7 27. e3
Kg8 28. Bf1 Kf7 29. b5 Qf8 30. Bd4 Qd6 31. Qc3 Bxd4 32. exd4 Kf6 33. a4 f4 34.
a5 e5 35. dxe5+ Qxe5 36. Qc5 fxg3 37. hxg3 h5 38. a6 bxa6 39. bxa6 h4 40. a7
Qe8 41. Qd6+ Kg7 42. a8=Q Qxa8 43. Qxd7+ Kf6 44. Qxg4 hxg3 45. Qxg3 Qa1 1-0

[Event "BL 8081 Solingen-Markth'feld"]
[Site "?"]
[Date "1981.??.??"]
[Round "?.2"]
[White "Meinberger, L."]
[Black "Kavalek, L."]
[Result "0-1"]
[WhiteElo "2230"]
[BlackElo "2550"]
[PlyCount "68"]
[EventDate "1981.??.??"]

1. e4 c5 2. d3 Nc6 3. g3 g6 4. Bg2 Bg7 5. Nf3 e5 6. O-O Nge7 7. Be3 d6 8. Qd2
O-O 9. Bh6 f5 10. Nc3 f4 11. Bxg7 Kxg7 12. Ne2 Bg4 13. c3 Bxf3 14. Bxf3 g5 15.
Bg4 Rf6 16. f3 d5 17. h4 h6 18. hxg5 hxg5 19. Kg2 dxe4 20. fxe4 Ng8 21. Rad1
Nh6 22. Bh5 Qe7 23. Nc1 Rh8 24. Rh1 Qe6 25. Qf2 b6 26. Rdf1 Nd8 27. Bd1 f3+ 28.
Kg1 Ng4 29. Qd2 Rxh1+ 30. Kxh1 Rh6+ 31. Kg1 f2+ 32. Kg2 Rh2+ 33. Kf3 Qf6+ 34.
Ke2 Rg2 0-1

[Event "BL 8081 Katernberg-Erlangen"]
[Site "?"]
[Date "1981.??.??"]
[Round "?.2"]
[White "Heidrich, M."]
[Black "Rosen, W."]
[Result "1/2-1/2"]
[WhiteElo "2230"]
[BlackElo "2310"]
[PlyCount "139"]
[EventDate "1981.??.??"]

1. e4 c5 2. Nf3 e6 3. c3 d5 4. exd5 exd5 5. d4 Nf6 6. Bg5 Be7 7. Nbd2 O-O 8.
Be2 Nc6 9. dxc5 Bxc5 10. O-O Re8 11. Nb3 Bb6 12. Nbd4 Bg4 13. h3 Nxd4 14. Nxd4
Bxe2 15. Nxe2 h6 16. Bh4 Re4 17. Bxf6 Qxf6 18. Qd2 Qe5 19. Nd4 Bxd4 20. cxd4
Qxd4 21. Rad1 Qxd2 22. Rxd2 Rd8 23. Rfd1 Rb4 24. Rc1 Rd7 25. Rc5 b6 26. Rc8+
Kh7 27. b3 Re4 28. Rc1 h5 29. Rcd1 Re5 30. Rd4 g5 31. f4 gxf4 32. Rxf4 Kg6 33.
Kf2 f5 34. Rfd4 Kf6 35. R1d2 Ke6 36. Rh4 Rh7 37. Rhd4 Kd6 38. Kf3 Ke6 39. Kf2
Rf7 40. Kf3 a5 41. Rh4 Rh7 42. Rhd4 Rc7 43. Rh4 Rh7 44. Rhd4 Rh6 45. Kf2 Kd6
46. Kf3 Kc5 47. Kf2 Rh7 48. Kf3 Rh8 49. Kf2 Rh6 50. Kf3 b5 51. Kf2 Rd6 52. Rh4
d4 53. Rd3 Rdd5 54. Rxh5 Kb4 55. g4 fxg4 56. Rxe5 Rxe5 57. Rxd4+ Ka3 58. hxg4
Kxa2 59. Rd3 a4 60. bxa4 b4 61. Kf3 b3 62. Kf4 b2 63. Rd1 Rd5 64. Re1 Rc5 65.
g5 Rc1 66. Re2 Ka3 67. Rxb2 Kxb2 68. Ke5 Kc3 69. g6 Rg1 70. Kf6 1/2-1/2